[Event "Zipaquira sf3 U16"]
[Site "Zipaquira"]
[Date "2017.04.01"]
[Round "5.2"]
[White "Sabogal Varela, Jose Joaquin"]
[Black "Gonzalez Taborda, David"]
[Result "1/2-1/2"]
[WhiteElo "1713"]
[BlackElo "1666"]
[PlyCount "38"]
[EventDate "2017.03.30"]
[EventType "swiss"]
[EventRounds "6"]
[EventCountry "COL"]
[SourceTitle "EXT 2024"]
[Source "ChessBase"]
[SourceDate "2023.10.10"]
[SourceVersion "1"]
[SourceVersionDate "2023.10.10"]
[SourceQuality "1"]

1. d4 f5 2. c4 Nf6 3. Nc3 e6 4. Nf3 d5 5. Bf4 c6 6. e3 Be7 7. Be2 Nbd7 8. c5 0-0 9. 0-0 Ne4 10. Nxe4 fxe4 11. Ne5 Nxe5 12. Bxe5 b6 13. b4 Bf6 14. Bd6 Be7 15. Be5 Bf6 16. Bd6 Be7 17. Be5 Bf6 18. Bd6 Be7 19. Be5 Bf6 1/2-1/2

[Event "COL-ch School U15"]
[Site "Monteria"]
[Date "2016.12.10"]
[Round "4.4"]
[White "Agudelo, Juan Sebastian"]
[Black "Gonzalez Taborda, David"]
[Result "0-1"]
[WhiteElo "1503"]
[BlackElo "1618"]
[PlyCount "42"]
[EventDate "2016.12.07"]
[EventType "swiss"]
[EventRounds "6"]
[EventCountry "COL"]
[SourceTitle "EXT 2024"]
[Source "ChessBase"]
[SourceDate "2023.10.10"]
[SourceVersion "1"]
[SourceVersionDate "2023.10.10"]
[SourceQuality "1"]

1. e4 c5 2. Nf3 Nc6 3. d4 cxd4 4. Nxd4 g6 5. Nc3 Bg7 6. Be3 Nf6 7. Qd2 Ng4 8. Nxc6 bxc6 9. h3 Nxe3 10. Qxe3 Rb8 11. Rb1 Qa5 12. Kd2 d5 13. e5 d4 14. Qxd4 Bxe5 15. Qe3 Be6 16. b4 Bxc3+ 17. Qxc3 Qd5+ 18. Bd3 0-0 19. Qc5 Qxg2 20. Qxa7 Ra8 21. Qc5 Rxa2 0-1

[Event "Medellin Antioquia Cup"]
[Site "Medellin"]
[Date "2016.10.15"]
[Round "6"]
[White "Gonzalez Taborda, David"]
[Black "Arbelaez Velasquez, Jeronimo"]
[Result "1-0"]
[WhiteElo "1618"]
[BlackElo "1507"]
[PlyCount "29"]
[EventDate "2016.10.12"]
[EventType "swiss"]
[EventRounds "8"]
[EventCountry "COL"]
[SourceTitle "CBM 175 Extra"]
[Source "ChessBase"]
[SourceDate "2016.12.12"]
[SourceVersion "1"]
[SourceVersionDate "2016.12.12"]
[SourceQuality "1"]

1. Nc3 c6 2. e4 d5 3. d4 e6 4. e5 Bb4 5. Bd3 Ne7 6. Bg5 0-0 7. Qh5 h6 8. Nf3 Nd7 9. Bxh6 gxh6 10. Qxh6 Nf5 11. Bxf5 exf5 12. Ng5 Nf6 13. exf6 Re8+ 14. Kd1 Bxc3 15. Qg7# 1-0

[Event "Medellin Antioquia Cup"]
[Site "Medellin"]
[Date "2016.10.14"]
[Round "5"]
[White "Caro Estrada, Jean Pool"]
[Black "Gonzalez Taborda, David"]
[Result "0-1"]
[WhiteElo "1491"]
[BlackElo "1618"]
[PlyCount "54"]
[EventDate "2016.10.12"]
[EventType "swiss"]
[EventRounds "8"]
[EventCountry "COL"]
[SourceTitle "CBM 175 Extra"]
[Source "ChessBase"]
[SourceDate "2016.12.12"]
[SourceVersion "1"]
[SourceVersionDate "2016.12.12"]
[SourceQuality "1"]

1. e4 c5 2. Nf3 Nc6 3. d4 cxd4 4. Nxd4 g6 5. Be3 Bg7 6. Nc3 Nf6 7. f3 0-0 8. Bc4 Qb6 9. Bb3 Ng4 10. Nd5 Qa5+ 11. Bd2 Qc5 12. fxg4 Qxd4 13. Nc3 d6 14. h3 Be5 15. Qf3 a5 16. Bh6 a4 17. Rd1 Qb4 18. a3 Qa5 19. Ba2 Bg7 20. Bxg7 Kxg7 21. Rd5 Qb6 22. Rb5 Qd4 23. Qd3 Qa7 24. Rf1 Ne5 25. Qd2 Bd7 26. Rxe5 dxe5 27. Qxd7 Qe3+ 0-1

[Event "Medellin Flores op 23rd"]
[Site "Medellin"]
[Date "2016.08.07"]
[Round "8"]
[White "Henao Garcia, Estefania"]
[Black "Gonzalez Taborda, David"]
[Result "0-1"]
[WhiteElo "1338"]
[BlackElo "1628"]
[PlyCount "34"]
[EventDate "2016.08.03"]
[EventType "swiss"]
[EventRounds "9"]
[EventCountry "COL"]
[SourceTitle "CBM 173 Extra"]
[Source "ChessBase"]
[SourceDate "2016.08.29"]
[SourceVersion "1"]
[SourceVersionDate "2016.08.29"]
[SourceQuality "1"]

1. e4 c5 2. Nc3 Nc6 3. Nf3 g6 4. d4 cxd4 5. Nxd4 Bg7 6. Be3 Nf6 7. Qd2 d5 8. exd5 Nxd5 9. Nxd5 Qxd5 10. Bb5 Qxg2 11. 0-0-0 0-0 12. Bh6 Bg4 13. Rhg1 Bxh6 14. Qxh6 Qe4 15. Rge1 Qg2 16. Rxe7 Qxf2 17. Ne6 Bxe6 0-1

[Event "Medellin Flores op 23rd"]
[Site "Medellin"]
[Date "2016.08.05"]
[Round "4"]
[White "Gonzalez Taborda, David"]
[Black "Varela, Maria de los Angele"]
[Result "0-1"]
[WhiteElo "1628"]
[BlackElo "1668"]
[PlyCount "26"]
[EventDate "2016.08.03"]
[EventType "swiss"]
[EventRounds "9"]
[EventCountry "COL"]
[SourceTitle "CBM 173 Extra"]
[Source "ChessBase"]
[SourceDate "2016.08.29"]
[SourceVersion "1"]
[SourceVersionDate "2016.08.29"]
[SourceQuality "1"]

1. Nc3 Nf6 2. e4 d6 3. d4 Nbd7 4. Be3 e6 5. f3 Be7 6. Qd2 0-0 7. g4 c5 8. 0-0-0 a6 9. h4 b5 10. h5 c4 11. g5 Ne8 12. d5 e5 13. Bh3 Qa5 0-1

[Event "Medellin Flores op 23rd"]
[Site "Medellin"]
[Date "2016.08.04"]
[Round "3"]
[White "Velez Alvarez, Laura Camila"]
[Black "Gonzalez Taborda, David"]
[Result "1/2-1/2"]
[WhiteElo "1907"]
[BlackElo "1628"]
[PlyCount "20"]
[EventDate "2016.08.03"]
[EventType "swiss"]
[EventRounds "9"]
[EventCountry "COL"]
[SourceTitle "CBM 173 Extra"]
[Source "ChessBase"]
[SourceDate "2016.08.29"]
[SourceVersion "1"]
[SourceVersionDate "2016.08.29"]
[SourceQuality "1"]

1. e4 c5 2. Nf3 Nc6 3. d4 cxd4 4. Nxd4 g6 5. c4 Bg7 6. Be3 Nf6 7. Nc3 Ng4 8. Nxc6 Nxe3 9. Nxd8 Nxd1 10. Nxd1 Kxd8 1/2-1/2

[Event "Medellin Aristizabal Cup"]
[Site "Medellin"]
[Date "2016.05.19"]
[Round "2"]
[White "Gonzalez Taborda, David"]
[Black "Chirivi Castiblanco, Angie Lizeth"]
[Result "0-1"]
[WhiteElo "1464"]
[BlackElo "2057"]
[PlyCount "68"]
[EventDate "2016.05.18"]
[EventType "swiss"]
[EventRounds "7"]
[EventCountry "COL"]
[SourceTitle "CBM 172 Extra"]
[Source "ChessBase"]
[SourceDate "2016.06.21"]
[SourceVersion "1"]
[SourceVersionDate "2016.06.21"]
[SourceQuality "1"]

1. e4 e5 2. Nf3 Nc6 3. Bb5 a6 4. Ba4 Nf6 5. d3 d6 6. Be3 Be7 7. 0-0 0-0 8. Nbd2 b5 9. Bb3 d5 10. exd5 Nxd5 11. Ne4 Kh8 12. Qd2 Bg4 13. Bxd5 Qxd5 14. Nc3 Qd8 15. Ng5 f6 16. f3 Bc8 17. Nge4 f5 18. Nc5 f4 19. Bf2 Rf6 20. N5e4 Rg6 21. Kh1 Qf8 22. Nd5 Bd8 23. d4 Nxd4 24. Bxd4 exd4 25. Nxf4 Rh6 26. Ne2 c5 27. N2g3 Bc7 28. Rfe1 Bf4 29. Qe2 Bb7 30. Nf1 Re8 31. Qd3 Bc6 32. Re2 b4 33. Rae1 Bb5 34. Qd1 Bxe2 0-1

[Event "Medellin Flores op 22nd"]
[Site "Medellin"]
[Date "2015.08.07"]
[Round "5"]
[White "Gonzalez Taborda, David"]
[Black "Ocampo Betancur, Cristina Angela"]
[Result "0-1"]
[WhiteElo "1474"]
[BlackElo "1726"]
[PlyCount "46"]
[EventDate "2015.08.05"]
[EventType "swiss"]
[EventRounds "9"]
[EventCountry "COL"]
[SourceTitle "EXT 2016"]
[Source "ChessBase"]
[SourceDate "2015.10.08"]
[SourceVersion "1"]
[SourceVersionDate "2015.10.08"]
[SourceQuality "1"]

1. e4 e5 2. f4 exf4 3. Nf3 Nc6 4. d4 Nf6 5. e5 Nd5 6. Bc4 Ne3 7. Bxe3 fxe3 8. 0-0 d5 9. exd6 Bxd6 10. Bxf7+ Kxf7 11. Ne5+ Ke8 12. Qh5+ g6 13. Nxg6 Bg4 14. Qxg4 Bxh2+ 15. Kh1 hxg6 16. Qxg6+ Kd7 17. Qf5+ Kd6 18. g4 Bf4+ 19. Kg2 Rh2+ 20. Kg1 Rh1+ 21. Kg2 Rxf1 22. Kxf1 e2+ 23. Kxe2 Nxd4+ 0-1

[Event "Medellin Castro Memorial"]
[Site "Medellin"]
[Date "2015.05.02"]
[Round "5"]
[White "Gonzalez Taborda, David"]
[Black "Martinez, Mauricio"]
[Result "0-1"]
[WhiteElo "1452"]
[BlackElo "1964"]
[PlyCount "72"]
[EventDate "2015.04.30"]
[EventType "swiss"]
[EventRounds "7"]
[EventCountry "COL"]
[SourceTitle "CBM 166 Extra"]
[Source "ChessBase"]
[SourceDate "2015.06.18"]
[SourceVersion "1"]
[SourceVersionDate "2015.06.18"]
[SourceQuality "1"]

1. e4 e5 2. f4 exf4 3. Nf3 g5 4. Bc4 g4 5. Ne5 Qh4+ 6. Kf1 Nh6 7. d4 d6 8. Nd3 f3 9. gxf3 gxf3 10. Qxf3 Bh3+ 11. Ke2 Bg4 12. Bf4 Bxf3+ 13. Kxf3 Nc6 14. c3 Qg4+ 15. Ke3 f5 16. Nd2 Qh3+ 17. Bg3 Ng4+ 18. Kf3 Nf6 19. Nf4 fxe4+ 20. Nxe4 Qg4+ 21. Ke3 Nxe4 22. Kxe4 Nd8 23. Rae1 c6 24. Be2 Qg5 25. Rhg1 Bh6 26. h4 Qa5 27. Bg4 0-0 28. Bh5 Kh8 29. Bg4 Nf7 30. Kd3 Ne5+ 31. dxe5 Bxf4 32. exd6 Qd5+ 33. Kc2 Qd2+ 34. Kb3 Bxg3 35. Rd1 Qxd6 36. Rxd6 Bxd6 0-1

[Event "Medellin Castro Memorial"]
[Site "Medellin"]
[Date "2015.05.02"]
[Round "4"]
[White "Soto, Cristian Camilo"]
[Black "Gonzalez Taborda, David"]
[Result "1-0"]
[WhiteElo "2076"]
[BlackElo "1452"]
[PlyCount "101"]
[EventDate "2015.04.30"]
[EventType "swiss"]
[EventRounds "7"]
[EventCountry "COL"]
[SourceTitle "CBM 166 Extra"]
[Source "ChessBase"]
[SourceDate "2015.06.18"]
[SourceVersion "1"]
[SourceVersionDate "2015.06.18"]
[SourceQuality "1"]

1. c4 Nf6 2. Nc3 g6 3. g3 Bg7 4. Bg2 c5 5. e3 Nc6 6. Nge2 b6 7. 0-0 Bb7 8. d4 d6 9. b3 0-0 10. Bb2 Rc8 11. h3 e6 12. Qd2 Qe7 13. f4 Rfe8 14. Rad1 Rcd8 15. g4 Kh8 16. Ng3 Ng8 17. d5 Nb4 18. a3 Na6 19. e4 Nc7 20. Rde1 Qf6 21. Nd1 Qh4 22. Bxg7+ Kxg7 23. Qc3+ Qf6 24. g5 Qxc3 25. Nxc3 exd5 26. exd5 Bc8 27. Rxe8 Nxe8 28. Re1 Kf8 29. h4 Ne7 30. Be4 Ng7 31. Kf2 Nef5 32. Bxf5 Nxf5 33. Nxf5 Bxf5 34. Re2 a6 35. Rb2 Ke7 36. Ke3 Kd7 37. b4 Kc7 38. bxc5 bxc5 39. a4 Rb8 40. Rxb8 Kxb8 41. a5 Kc7 42. Ne2 Bb1 43. Ng3 Ba2 44. Kd3 Bb3 45. h5 Kd7 46. h6 Ke7 47. Ne2 f5 48. Ng3 Bd1 49. Nxf5+ Kd7 50. Nh4 Bh5 51. f5 1-0

[Event "Antioquia Region-ch U16 Integrada"]
[Site "Medellin"]
[Date "2015.04.30"]
[Round "5.6"]
[White "Mesa Baez, Samuel"]
[Black "Gonzalez Taborda, David"]
[Result "1/2-1/2"]
[WhiteElo "1448"]
[BlackElo "1441"]
[PlyCount "74"]
[EventDate "2015.04.28"]
[EventType "swiss"]
[EventRounds "6"]
[EventCountry "COL"]
[SourceTitle "EXT 2024"]
[Source "ChessBase"]
[SourceDate "2023.10.10"]
[SourceVersion "1"]
[SourceVersionDate "2023.10.10"]
[SourceQuality "1"]

1. d4 Nf6 2. Nf3 g6 3. Bf4 Bg7 4. e3 d6 5. h3 c6 6. c4 Nbd7 7. Nc3 0-0 8. Be2 Re8 9. 0-0 Qc7 10. c5 e5 11. cxd6 Qxd6 12. dxe5 Qxd1 13. Rfxd1 Nh5 14. Bh2 Nxe5 15. Nxe5 Bxe5 16. Bxe5 Rxe5 17. Rd8+ Kg7 18. Rad1 Nf6 19. b4 b5 20. a4 a6 21. a5 c5 22. bxc5 Rxc5 23. Na2 Ra7 24. Rc1 Rac7 25. Rxc5 Rxc5 26. Nb4 Nd7 27. Nxa6 Bxa6 28. Rxd7 Rc2 29. Bd3 Ra2 30. Ra7 Rxa5 31. Bxb5 Rxb5 32. Rxa6 Kh6 33. Kf1 Rb2 34. f4 f5 35. g4 Kg7 36. Ra7+ Kg8 37. Ra8+ Kf7 1/2-1/2